Evolução das Bandas - Statistics

Estatísticas Gerais
  • Esse quiz foi jogado 161 vezes
    119 desde o último reset
  • A pontuação média é 50 de 163
Estatísticas das Respostas
Ano Local Banda % Correto
1960 Liverpool, Reino Unido The Beatles
94%
1987 Aberdeen, Estados Unidos Nirvana
88%
1973 Sydney, Austrália AC/DC
84%
1981 Los Angeles, Estados Unidos Metallica
75%
1985 Los Angeles, Estados Unidos Guns N' Roses
72%
1970 Londres, Reino Unido Queen
72%
1983 Los Angeles, Estados Unidos Red Hot Chilli Peppers
72%
1962 Londres, Reino Unido The Rolling Stones
72%
1968 Birmingham, Reino Unido Black Sabbath
69%
1996 Agoura Hills, Estados Unidos Linkin Park
66%
1991 Manchester, Reino Unido Oasis
66%
1990 Seattle, Estados Unidos Pearl Jam
66%
1964 Londres, Reino Unido The Who
66%
1983 Sayreville, Estados Unidos Bon Jovi
63%
1968 Londres, Reino Unido Led Zeppelin
63%
1965 Londres, Reino Unido Pink Floyd
63%
1965 Hanôver, Alemanha Scorpions
63%
1976 Dublin, Irlanda U2
63%
1975 Londres, Reino Unido Iron Maiden
59%
1994 Glendale, Estados Unidos System of a Down
59%
1965 Los Angeles, Estados Unidos The Doors
59%
1994 Seattle, Estados Unidos Foo Fighters
56%
1986 East Bay, Estados Unidos Green Day
56%
1983 Belo Horizonte, Brasil Sepultura
56%
1975 Londres, Reino Unido Sex Pistols
56%
1995 Des Moines, Estados Unidos Slipknot
56%
1972 Estocolmo, Suécia ABBA
50%
1970 Boston, Estados Unidos Aerosmith
50%
1973 Nova Iorque, Estados Unidos KISS
50%
2016 Roma, Itália Måneskin
50%
1977 Londres, Reino Unido The Police
50%
1972 Pasadena, Estados Unidos Van Halen
50%
1987 Seattle, Estados Unidos Alice In Chains
47%
1958 Brisbane, Austrália Bee Gees
47%
1981 Arlington, Estados Unidos Pantera
47%
1985 Abingdon, Reino Unido Radiohead
47%
1994 Berlim, Alemanha Rammstein
47%
1974 Nova Iorque, Estados Unidos Ramones
47%
1984 Seattle, Estados Unidos Soundgarden
47%
1982 Oslo, Noruega a-ha
44%
1991 São Paulo, Brasil Angra
44%
1992 Poway, Estados Unidos Blink-182
44%
2008 Las Vegas, Estados Unidos Imagine Dragons
44%
2002 Sheffield, Reino Unido Arctic Monkeys
41%
1997 Londres, Reino Unido Coldplay
41%
1995 Little Rock, Estados Unidos Evanescence
41%
1983 Los Angeles, Estados Unidos Megadeth
41%
1975 Londres, Reino Unido Motörhead
41%
1980 Athens, Estados Unidos R.E.M.
41%
1994 Tallahassee, Estados Unidos Creed
38%
1968 Hertford, Reino Unido Deep Purple
38%
1998 Londres, Reino Unido Gorillaz
38%
1993 Bakersfield, Estados Unidos Korn
38%
1994 Jacksonville, Estados Unidos Limp Bizkit
38%
1964 Jacksonville, Estados Unidos Lynyrd Skynyrd
38%
1978 Crawley, Reino Unido The Cure
38%
1968 Londres, Reino Unido Yes
38%
2001 Los Angeles, Estados Unidos Audioslave
34%
1999 Huntington Beach, Estados Unidos Avenged Sevenfold
34%
1967 Londres, Reino Unido Fleetwood Mac
34%
1967 Godalming, Reino Unido Genesis
34%
1973 Topeka, Estados Unidos Kansas
34%
1995 Hanna, Canadá Nickelback
34%
1967 Chicago, Estados Unidos Chicago
31%
1977 Londres, Reino Unido Dire Straits
31%
1994 Los Angeles, Estados Unidos Maroon 5
31%
1991 Los Angeles, Estados Unidos Rage Against the Machine
31%
1968 Toronto, Canadá Rush
31%
1981 Bath, Reino Unido Tears for Fears
31%
1976 Londres, Reino Unido The Clash
31%
1989 Limerick, Irlanda The Cranberries
31%
1982 Manchester, Reino Unido The Smiths
31%
1993 Orlando, Estados Unidos Backstreet Boys
28%
1971 Los Angeles, Estados Unidos Eagles
28%
1979 Upplands Väsby, Suécia Europe
28%
1973 São Francisco, Estados Unidos Journey
28%
1981 Los Angeles, Estados Unidos Mötley Crüe
28%
2010 Londres, Reino Unido One Direction
28%
2004 Franklin, Estados Unidos Paramore
28%
1984 Huntington Beach, Estados Unidos The Offspring
28%
1998 Nova Iorque, Estados Unidos The Strokes
28%
1976 Los Angeles, Estados Unidos TOTO
28%
1978 Londres, Reino Unido Whitesnake
28%
1969 Houston, Estados Unidos ZZ Top
28%
1989 Londres, Reino Unido Blur
25%
1966 Londres, Reino Unido Cream
25%
1967 El Cerrito, Estados Unidos Creedence Clearwater Revival
25%
1978 Birmingham, Reino Unido Duran Duran
25%
1969 Birmingham, Reino Unido Judas Priest
25%
1981 Londres, Reino Unido Pet Shop Boys
25%
1986 Boston, Estados Unidos Pixies
25%
1981 Huntington Park, Estados Unidos Slayer
25%
1975 Nova Iorque, Estados Unidos Talking Heads
25%
1997 Detroit, Estados Unidos The White Stripes
25%
1988 Sacramento, Estados Unidos Deftones
22%
1979 Melbourne, Austrália Men at Work
22%
1986 Toms River, Estados Unidos Skid Row
22%
1962 Newcastle upon Tyne, Reino Unido The Animals
22%
1987 Chicago, Estados Unidos The Smashing Pumpkins
22%
1981 Nova Iorque, Estados Unidos Anthrax
19%
1977 Sheffield, Reino Unido Def Leppard
19%
1976 Nova Iorque, Estados Unidos Foreigner
19%
2008 Linköping, Suécia Ghost
19%
2002 Colorado Springs, Estados Unidos OneRepublic
19%
2004 Las Vegas, Estados Unidos Panic! at the Disco
19%
1978 Glasgow, Reino Unido Simple Minds
19%
1994 Londres, Reino Unido Spice Girls
19%
1989 San Diego, Estados Unidos Stone Temple Pilots
19%
1984 Londres, Reino Unido The Outfield
19%
2009 Columbus, Estados Unidos Twenty One Pilots
19%
1976 Boston, Estados Unidos Boston
16%
1979 São Francisco, Estados Unidos Faith No More
16%
2012 Frankenmuth, Estados Unidos Greta Van Fleet
16%
1991 Calabasas, Estados Unidos Incubus
16%
1977 Sydney, Austrália INXS
16%
2001 Newark, Estados Unidos My Chemical Romance
16%
1980 Manchester, Reino Unido New Order
16%
1993 Vacaville, Estados Unidos Papa Roach
16%
1999 Montreal, Canadá Simple Plan
16%
1967 São Francisco, Estados Unidos Steppenwolf
16%
1969 Londres, Reino Unido Supertramp
16%
1978 Chicago, Estados Unidos Survivor
16%
1983 Bradford, Reino Unido The Cult
16%
1972 Woking, Reino Unido The Jam
16%
1972 Ho-Ho-Kus, Estados Unidos Twisted Sister
16%
1996 Escatawpa, Estados Unidos 3 Doors Down
13%
1996 Baiona, França Gojira
13%
1973 Seattle, Estados Unidos Heart
13%
1976 Manchester, Reino Unido Joy Division
13%
1968 Dunfermline, Reino Unido Nazareth
13%
1989 Wigan, Reino Unido The Verve
13%
1977 Nova Iorque, Estados Unidos Village People
13%
1992 Los Angeles, Estados Unidos Weezer
13%
1967 Stony Brook, Estados Unidos Blue Öyster Cult
9%
2004 Sheffield, Reino Unido Bring Me the Horizon
9%
1994 Chicago, Estados Unidos Disturbed
9%
1980 Londres, Reino Unido Eurythmics
9%
1983 Mechanicsburg, Estados Unidos Poison
9%
1976 Boston, Estados Unidos The Cars
9%
1965 Los Angeles, Estados Unidos The Mamas & the Papas
9%
1962 Londres, Reino Unido The Yardbirds
9%
2011 Sydney, Austrália 5 Seconds Of Summer
6%
1981 Londres, Reino Unido Asia
6%
2006 York, Reino Unido Asking Alexandria
6%
2001 Wilmette, Estados Unidos Fall Out Boy
6%
1994 Londres, Reino Unido Placebo
6%
1973 Los Angeles, Estados Unidos Quiet Riot
6%
1961 Chicago, Estados Unidos Styx
6%
1996 Ajax, Canadá Sum 41
6%
1998 Los Angeles, Estados Unidos Thirty Seconds to Mars
6%
2003 Baltimore, Estados Unidos All Time Low
3%
2010 Tóquio, Japão BABYMETAL
3%
1994 Richmond, Estados Unidos Lamb of God
3%
1996 Peoria, Estados Unidos Mudvayne
3%
1976 San Diego, Estados Unidos Ratt
3%
1976 Athens, Estados Unidos The B-52s
3%
2005 Boston, Estados Unidos Boys Like Girls
0%
1979 Richmond, Estados Unidos Exodus
0%
2008 Las Vegas, Estados Unidos Falling in Reverse
0%
1989 Richmond, Estados Unidos FireHouse
0%
1967 Champaign, Estados Unidos REO Speedwagon
0%
1999 Stillwater, Estados Unidos The All-American Rejects
0%
1984 Los Angeles, Estados Unidos Warrant
0%
Nenhum quiz correspondente encontrado
Distribuição das Pontuações
Porcentagem de Pessoas com Cada Pontuação
Percentil de Números Respondidos
Sua Pontuação Histórica
Você não jogou esse quiz desde o último reset